Представление документа в формате MARC21

ПолеНазваниеЗначение
  Тип записи a
  Библиографический уровень m
001 Контрольный номер RU/URAIT/586907
005 Дата корректировки 20260429163709.4
008 Кодируемые данные 260429s2026 RU y f j 000 0 rus u
020 Индекс ISBN __
a ISBN 978-5-534-11139-2
c Цена, тираж 1329.00
040 Источник каталогиз. __
a Служба первич. каталог. ИКО Юрайт
c Служба, преобразующая запись ИКО Юрайт
e Правила каталог. RCR
041 Код языка издания __
a Код языка текста rus
044 Код страны публикации __
a Код страны публикации RU
080 Индекс УДК __
a Индекс УДК 687.03(075.32)
084 Индекс другой классификации/Индекс ББК __
2 Источник индекса rubbk
a Индекс другой классификации/Индекс ББК 37.24я723
100 Автор __
a Автор Стельмашенко В. И.
q Полное имя Стельмашенко Валентина Ильинична
245 Заглавие __
a Заглавие Материаловедение для одежды и конфекционирование
b Продолж. заглавия учебник для спо
c Ответственность В. И. Стельмашенко, Т. В. Розаренова ; под общей редакцией Т. В. Розареновой.
250 Сведения об издании __
g пер. и доп
a Основные сведения об издании 3-е изд.
256 Характеристики компьютерного файла __
a Характеристики компьютерного файла Электрон. дан.
260 Выходные данные __
a Место издания Москва
b Издательство Юрайт
c Дата издания 2026
300 Физическое описание __
a Объем 308 с
440 Серия __
a Серия Профессиональное образование
500 Примечания __
a Примечание URL: https://urait.ru/bcode/586907 (дата обращения: 29.04.2026).
520 Аннотация __
a Аннотация Приведена систематика швейных изделий и материалов. Дана характеристика ассортимента и свойств основных и вспомогательных материалов для одежды. Рассмотрены изменения структуры и свойств материалов для одежды под воздействием технологических и эксплуатационных факторов. Описаны принципы и цели конфекционирования материалов для одежды для вновь разработанных моделей и социально устаревших. Рассмотрены основы оценки качества материалов по стандартам. В курс внесены дополнения, касающиеся ассортимента материалов и изделий для отделки, а также рассмотрены особенности и даны рекомендации по подбору материалов по фактуре и цвету. Соответствует актуальным требованиям Федерального государственного образовательного стандарта среднего профессионального образования и профессиональным требованиям. Для студентов среднего профессио нального образования, обучающихся по специальности «Дизайн» (дизайн костюма) и «Товароведение и товарная экспертиза». Также может быть полезен для инженерно-технических работников, работников швейных предприятий и торговли.
538 Прим. о системных особенностях __
a Прим. о системных особенностях Режим доступа: Электронно-библиотечная система Юрайт, для авториз. пользователей
653 Ключевые слова __
a Ключевые слова Легкая промышленность
653 Ключевые слова __
a Ключевые слова Технические науки
653 Ключевые слова __
a Ключевые слова Материаловедение
653 Ключевые слова __
a Ключевые слова Текстильное материаловедение
653 Ключевые слова __
a Ключевые слова Изобразительное искусство
653 Ключевые слова __
a Ключевые слова Основы материаловедения
653 Ключевые слова __
a Ключевые слова Основы изобразительного искусства
653 Ключевые слова __
a Ключевые слова Методы контроля качества текстильных изделий (по видам)
653 Ключевые слова __
a Ключевые слова Оформление изделий текстильной и легкой промышленности
653 Ключевые слова __
a Ключевые слова Перспективы развития технологии текстильного производства
653 Ключевые слова __
a Ключевые слова Технология обработки текстильных изделий (по видам)
653 Ключевые слова __
a Ключевые слова Технология текстильного производства (по видам)
653 Ключевые слова __
a Ключевые слова Конфекционирование
653 Ключевые слова __
a Ключевые слова Общее и специальное материаловедение
653 Ключевые слова __
a Ключевые слова Технология обработки текстильных изделий
653 Ключевые слова __
a Ключевые слова Материаловедение. Общие вопросы
653 Ключевые слова __
a Ключевые слова Общее материаловедение
653 Ключевые слова __
a Ключевые слова Основы современного материаловедения
653 Ключевые слова __
a Ключевые слова Современное материаловедение
653 Ключевые слова __
a Ключевые слова Введение в материаловедение
653 Ключевые слова __
a Ключевые слова Конфекционирование в профессиональной сфере
653 Ключевые слова __
a Ключевые слова Конфекционирование материалов
653 Ключевые слова __
a Ключевые слова Дефектация швейных изделий
653 Ключевые слова __
a Ключевые слова Разработка эскизов моделей одежды с учетом исторического костюма или тенденций моды
653 Ключевые слова __
a Ключевые слова Ремонт и обновление швейных изделий
653 Ключевые слова __
a Ключевые слова Ведение процесса обработки деталей средней сложности и сложных деталей изделий и одежды из нетканых материалов на сварочном швейном автоматическом или полуавтоматическом оборудовании
653 Ключевые слова __
a Ключевые слова Технологическая обработка изделий и выполнение их в материале
653 Ключевые слова __
a Ключевые слова Организационно-технологическое обеспечение процессов производства нетканых материалов
653 Ключевые слова __
a Ключевые слова Организационно-технологическое обеспечение процессов прядильного производства
653 Ключевые слова __
a Ключевые слова Организационно-технологическое обеспечение процессов ткачества
653 Ключевые слова __
a Ключевые слова Организационно-технологическое обеспечение процессов трикотажного производства
700 Другие авторы __
a Другие авторы Розаренова Т. В.
q Полное имя Розаренова Тамара Васильевна
856 Электронный адрес документа 40
n Местонахождение сервера Юрайт
g Электронная книга
q Тип электронного формата html
h Имя пользователя ЮРАЙТ
v Часы доступа к ресурсу 20271231
2 Способ доступа Показать документ
x Служебное примечание https://urait.ru/book/cover/EAA4C7D1-844D-4B2C-9909-57907C64B72F
u URL https://urait.ru/bcode/586907
856 Электронный адрес документа 48
q Тип электронного формата cover
u URL https://urait.ru/book/cover/EAA4C7D1-844D-4B2C-9909-57907C64B72F
911 __
u 0030=https://urait.ru/bcode/586907
911 __
u 073a=9785534111392
u 073d=1329.00
911 __
u 106a=s
911 __
u 900l=
952 Тип литературы __
i Дисциплина Материаловедение
952 Тип литературы __
i Дисциплина Текстильное материаловедение
952 Тип литературы __
i Дисциплина Изобразительное искусство
952 Тип литературы __
i Дисциплина Основы материаловедения
952 Тип литературы __
i Дисциплина Основы изобразительного искусства
952 Тип литературы __
i Дисциплина Методы контроля качества текстильных изделий (по видам)
952 Тип литературы __
i Дисциплина Оформление изделий текстильной и легкой промышленности
952 Тип литературы __
i Дисциплина Перспективы развития технологии текстильного производства
952 Тип литературы __
i Дисциплина Технология обработки текстильных изделий (по видам)
952 Тип литературы __
i Дисциплина Технология текстильного производства (по видам)
952 Тип литературы __
i Дисциплина Конфекционирование
952 Тип литературы __
i Дисциплина Общее и специальное материаловедение
952 Тип литературы __
i Дисциплина Технология обработки текстильных изделий
952 Тип литературы __
i Дисциплина Материаловедение. Общие вопросы
952 Тип литературы __
i Дисциплина Общее материаловедение
952 Тип литературы __
i Дисциплина Основы современного материаловедения
952 Тип литературы __
i Дисциплина Современное материаловедение
952 Тип литературы __
i Дисциплина Введение в материаловедение
952 Тип литературы __
i Дисциплина Конфекционирование в профессиональной сфере
952 Тип литературы __
i Дисциплина Конфекционирование материалов
952 Тип литературы __
i Дисциплина Дефектация швейных изделий
952 Тип литературы __
i Дисциплина Разработка эскизов моделей одежды с учетом исторического костюма или тенденций моды
952 Тип литературы __
i Дисциплина Ремонт и обновление швейных изделий
952 Тип литературы __
i Дисциплина Ведение процесса обработки деталей средней сложности и сложных деталей изделий и одежды из нетканых материалов на сварочном швейном автоматическом или полуавтоматическом оборудовании
952 Тип литературы __
i Дисциплина Технологическая обработка изделий и выполнение их в материале
952 Тип литературы __
i Дисциплина Организационно-технологическое обеспечение процессов производства нетканых материалов
952 Тип литературы __
i Дисциплина Организационно-технологическое обеспечение процессов прядильного производства
952 Тип литературы __
i Дисциплина Организационно-технологическое обеспечение процессов ткачества
952 Тип литературы __
i Дисциплина Организационно-технологическое обеспечение процессов трикотажного производства